| 000 | 00840nam a2200277Ia 4500 | ||
|---|---|---|---|
| 003 | GCL | ||
| 008 | 140319s9999 xx 000 0 ara d | ||
| 040 |
_aGCL / _cGCL |
||
| 082 | 0 | 4 |
_a327.11 _bس خ |
| 100 | 1 | _aسعدالدين ابراهيم | |
| 245 | 1 | 0 |
_aالخروج من زقاق التاريخ / _cسعدالدين ابراهيم |
| 260 |
_a[S.N] : _bدار سعاد الصباح ، _c1992 |
||
| 300 | _a252 ص | ||
| 490 |
_aدراسة فى ازمة الخليج _v0 |
||
| 650 | 0 | 4 | _aالعصر الحديث |
| 650 | 0 | 4 | _aالكويت |
| 650 | 0 | 4 | _aتاريخ |
| 650 | 0 | 4 | _aالعراق |
| 650 | 0 | 4 | _aالسياسة الدولية |
| 650 | 0 | 4 | _aالسياسة |
| 650 | 0 | 4 | _aاسرائيل |
| 650 | 0 | 4 | _aحرب الخليج |
| 650 | 0 | 4 | _aصدام حسين |
| 650 | 0 | 4 | _aالاعلام الدولى |
| 942 |
_2ddc _cBK |
||
| 999 |
_c52673 _d52673 |
||